00747nam a2200241Ia 450000500170000000800410001702000150005808200180007310000210009124500460011225000190015830000410017765000240021865000310024265000490027394200120032226400330033433600270036733700330039433800280042704000350045599900150049020220317000516.0160601s2004 sp a g 000 0 spa  a843421780504a751.494bS15a1 aSanmiguel, David10aAerógrafo credacción David Sanmiguel a3a. edición  a96 páginasbilustraciones c22 cm 142LEMBaAerografía 142LEMBaPintura xTécnica 142LEMBaAerografíaxAparatos e instrumentos  2ddccBK aBarcelona bParramónc2004 atextobtxt2rdacontent asin mediaciónbn2rdamedia avolumenbnc2rdacarrier aCO-BoRNBPbspaerdacCO-BoRNBP c4243d4243